000 01535cam a2200145 4500500
005 20260322000252.0
041 _afre
042 _adc
100 1 0 _aGalland, Olivier
_eauthor
700 1 0 _aLemel, Yannick
_eauthor
245 0 0 _aSociologie des inégalités
260 _bArmand Colin,
_c2024.
520 _aLa question des inégalités (de classe, de statut économique, de genre, ethno raciales…), définies comme une différence d’accès à des biens sociaux jugée injustifiée, est au cœur de la sociologie.Ce manuel a pour ambition de proposer le bilan le plus complet possible des travaux et connaissances sociologiques sur le sujet, et d’ouvrir des pistes de réflexion sur le domaine: quelle est la genèse de la notion d’inégalité ? Pourquoi les inégalités se transmettent-elles et se reproduisent-elles ? Quels sont les rôles respectifs de la famille, du système éducatif, des pouvoirs publics ? Comment et dans quelle mesure l’État parvient-il à corriger les inégalités de départ entre les groupes sociaux ?L’ouvrage est illustré par de nombreux exemples internationaux et des figures originales.Des compléments sont disponibles dans la rubrique «ressources numériques». Ils permettent d’approfondir certains concepts présentés dans l’ouvrage et proposent plus de 500 références en grande partie internationales.
856 4 1 _uhttps://shs.cairn.info/sociologie-des-inegalites-2e-ed--9782200637040?lang=fr&redirect-ssocas=7080
999 _c1704644
_d1704644